00470nam a2200133Ia 4500082001200000100001800012245012200030260006300152300000900215650001600224650002800240650003400268710003400302 aRP.0250 aPradeep Kumar 0aCentrifugalism in the federal polity in Indiab: a study of the socio-economic profile of the politics of Uttarakhand c1998bIndian Council of Social Science Research, New Delhi a51p. aUTTARAKHAND aELECTIONS - UTTARAKHAND aELECTORAL POLITICS//ELECTIONS aPunjab University, Chandigarh